| 000 | 00809nam a2200265 a 4500 | ||
|---|---|---|---|
| 001 | BRL_123 | ||
| 005 | 20190320210611.0 | ||
| 008 | 721215s1965 nyua#####b---#000-0#eng-# | ||
| 040 |
_aDLC _cODaWU _dOCoLC |
||
| 041 | _aeng | ||
| 044 | _anyu | ||
| 050 | 4 |
_aND813.G6 _b.G69 1965 |
|
| 245 | 1 | 0 |
_aGoya _bFrancisco de Goya y Lucientes _ctext by José Gudiol ; translated by Priscilla Muller. |
| 260 |
_aNueva York _bHarry N. Abrams _c[1965] |
||
| 300 |
_a168 p. _bil. (algunas a color) _c33 cm. |
||
| 440 | 0 |
_aThe Library of great painters _922971 |
|
| 500 | _aAu181 | ||
| 504 | _aBibliografía: p. 168 | ||
| 600 | 1 | 4 |
_aGoya, Francisco _d1746-1828 _92150 |
| 650 | 1 | 4 |
_aPintores españoles _97620 |
| 700 | 1 |
_aGudiol, José _920542 |
|
| 700 | 1 |
_aMuller, Priscilla _etr. _922972 |
|
| 902 | _aGRL | ||
| 942 |
_2lcc _cB |
||
| 999 |
_c8936 _d8936 |
||